Villes les plus peuplées du Tarn-et-Garonne - Statistiques

Statistiques générales
  • Ce quiz a été pris 179 fois
  • Le résultat moyen est 11 sur 20
Statistiques - réponses
Population Ville % Correct
58 826 Montauban
99%
13 765 Castelsarrasin
87%
12 408 Moissac
87%
6 805 Caussade
77%
6 158 Montech
71%
5 511 Nègrepelisse
64%
5 194 Valence-d'Agen
60%
3 746 Beaumont-de-Lomagne
57%
2 874 Lafrançaise
55%
3 925 Grisolles
50%
3 187 Albias
45%
3 645 Bressols
45%
3 918 Montbeton
42%
4 660 Verdun-sur-Garonne
39%
3 184 La Ville-Dieu-du-Temple
36%
3 800 Saint-Etienne-de-Tulmont
34%
3 646 Labastide-Saint-Pierre
33%
1 932 Monclar-de-Quercy
31%
2 192 Saint-Nicolas-de-la-Grave
29%
2 171 Septfonds
26%
Aucun quiz correspondant
Distribution des résultats
% des personnes avec chaque résultat
Percentile par nombre de réponses
Votre historique - résultats
Vous n’avez pas pris ce quiz